| 000 | 00874nam a22002177a 4500 | ||
|---|---|---|---|
| 999 |
_c13966 _d13966 |
||
| 003 | AR-CdUCM | ||
| 008 | 190417b ||||| |||| 00| 0 spa d | ||
| 040 |
_aMUNICIPALIDAD PROVINCIAL DEL CUSCO _cBIBLIOTECA MUNICIPAL DEL CUSCO |
||
| 082 |
_a869.63 / _bG25 / 1939 |
||
| 100 |
_aGarcia Prada, Carlos _932609 |
||
| 245 |
_aLuz que flota en el olvido : _bPoema Colombiano en 120 sonetos originales / |
||
| 260 |
_aMéxico : _bUniversitaria, _c1939. |
||
| 300 |
_a131 páginas ; _c24 cm. |
||
| 500 | _aDonación de la familia Nieto y dedicatoria a Luis Nieto. | ||
| 505 | _aContenido : Alvarez Henao, Enrique: La abeja -- Angel Montoya, Alberto : Retratos de familia -- Arciniegas, Ismael Enrique : Impresión dominical ... | ||
| 650 |
_aSonetos _917003 |
||
| 650 |
_aPoetas _91966 |
||
| 650 |
_aVarios autores _932610 |
||
| 942 |
_2ddc _cLIBROS |
||
| 945 |
_arah _d17/04/2019 |
||